Statistics for Japanese Romaji to English: Foods

Click here to take the quiz!

General Stats

  • This quiz has been taken 7 times
  • The average score is 19 of 35

Answer Stats

HintAnswer% Correct
GohanRice
100%
BekonBacon
86%
PanBread
86%
TamagoEgg
86%
FuraidopotetoFrench Fries
86%
HamuHam
86%
OrenjiOrange
86%
PasutaPasta
86%
NoriSeaweed
86%
RingoApple
71%
ChizuCheese
71%
UnagiEel
71%
EbiPrawn
71%
GyunikuBeef
57%
BurokkoriBroccoli
57%
KareCurry
57%
MenNoodles
57%
TakoOctopus
57%
ButanikuPork
57%
JagaimoPotato
57%
KurakkaCracker
43%
PaeriyaPaella
43%
SakeSalmon
43%
UniSea Urchin
43%
IkaSquid
43%
BajiruBasil
29%
NinjinCarrot
29%
KurowassanCroissant
29%
KyuriCucumber
29%
MaguroTuna
29%
KyabiaCaviar
14%
KomugikoFlour
14%
RetasuLettuce
14%
SatoSugar
14%
ShichimenchoTurkey
0%

Score Distribution

Percentile by Number Answered

Percent of People with Each Score

Your Score History

You have not taken this quiz